| 000 | 00367nam a2200133Ia 4500 | ||
|---|---|---|---|
| 005 | 20260328101505.0 | ||
| 008 | 260328s9999||||xx |||||||||||||| ||und|| | ||
| 100 | _ade Anda Alanís, Enrique Xavier | ||
| 245 | 0 |
_aLuis Barragán : _b Clásico del silencio / _cEnrique Xavier de Anda Alanís |
|
| 260 | _bEscala | ||
| 300 | _a239 p. | ||
| 650 | _aARQUITECTOS | ||
| 942 | _cBK | ||
| 999 |
_c9005 _d9005 |
||